000 00876caa a22002417a 4500
999 _c417184
_d417184
001 129362
003 UA-OsUOA
005 20200114114938.0
007 ta
008 20180227b un ||||| |||| 00| 0 ukr d
040 _aUA-OsUOA
_bukr
_cUA-OsUOA
_dUA-OsUOA
041 _aukr
080 _a908
090 _a908
_bА92
100 _aАтаманенко В.
245 _aПроблеми ранньомодерного Острога в творчості М. П. Ковальського
_cВ. Атаманенко
300 _aС. 62–73
650 7 _a908 Краєзнавство
_2UDC
773 0 _0345813
_9373656
_dОстрог НаУОА 2008
_o120555
_tНаукові записки. Історичні науки
_w(UA-OsUOA) 59736
_z966-7631-62-1
942 _cBKA
_2udc
955 _a1